Az 510/2023 (XI.20.) Kormányrendelet hatásai a fürdőkre három vidéki példa alapján
| Szerző: | |
|---|---|
| További közreműködők: | |
| Dokumentumtípus: | Diplomadolgozat |
| Kulcsszavak: | Aqualand egészségturizmus gyógyfürdő gyógyfürdő jogszabály Ráckeve |
| Online Access: | http://dolgozattar.uni-bge.hu/59694 |
MARC
| LEADER | 00000nta a2200000 i 4500 | ||
|---|---|---|---|
| 001 | dolg59694 | ||
| 005 | 20260409145433.0 | ||
| 008 | 260409suuuu hu om 000 hun d | ||
| 040 | |a BGE Dolgozattár Repozitórium |b hun | ||
| 041 | |a hu | ||
| 100 | 1 | |a Szabó Nikolett | |
| 245 | 1 | 3 | |a Az 510/2023 (XI.20.) Kormányrendelet hatásai a fürdőkre három vidéki példa alapján |c Szabó Nikolett |h [elektronikus dokumentum] |
| 520 | 3 | |a A dolgozat három vidéki fürdő alapján vizsgálja, hogy az 510/2023 (XI.20.) Kormányrendelet milyen hatással van a gyógyfürdőkre. Hiszen eddig a 37/1996 (X.18.) közel 30 éves kormányrendelet előírásai alapján üzemeltek. Illetve adatelemzés segítségével megvizsgálja, hogy a fürdők árbevételében milyen szerepet játszik a rendezvényszervezés és vendéglátásból származó bevétel. A dolgozat két magántulajdonban lévő és egy önkormányzati tulajdonban lévő vidéki fürdőt vizsgál és hasonlít össze. A dolgozat segítségéhez a szakirodalmi háttér elemzése során vizsgálatra kerül a dolgozatban az egészségturizmus fogalmai és részei, és a gyógyvízre épülő fürdő szolgáltatások. | |
| 695 | |a Aqualand | ||
| 695 | |a egészségturizmus | ||
| 695 | |a gyógyfürdő | ||
| 695 | |a gyógyfürdő jogszabály | ||
| 695 | |a Ráckeve | ||
| 700 | 1 | |a Nagy Adrienne |e ths | |
| 856 | 4 | 0 | |u http://dolgozattar.uni-bge.hu/59694/1/Az%205102023%20%28XI.20.%29%20Korm%C3%A1nyrendelet%20hat%C3%A1sai%20a%20f%C3%BCrd%C5%91kre%20h%C3%A1rom%20vid%C3%A9ki%20p%C3%A9lda%20alapj%C3%A1n%20pdf.pdf |z Dokumentum-elérés |
| 856 | 4 | 0 | |u http://dolgozattar.uni-bge.hu/59694/2/8%20SZAB%C3%93%20NIKOLETT.pdf |z Dokumentum-elérés |
| 856 | 4 | 0 | |u http://dolgozattar.uni-bge.hu/59694/3/B%C3%ADr%C3%A1lati%20lap_BSc_Szab%C3%B3%20Nikoletta_renedelet.pdf |z Dokumentum-elérés |